000 00430nam a2200181Ia 4500
001 14767
005 20260306164938.0
008 260306t1997||||xx |||||||||||||| ||spa||
041 _aESP
082 _a519.2
_bM26
100 _aMartín Pliego, F. Javier
_eAUT
245 0 _aEstadística:
_bprobabilidad
260 _c1997
300 _a677 páginas :
_c22 cm.
650 _aGEN
654 _aCMA
942 _cLIB
_dJUS
_fJUS
_2ddc
_n
999 _c14767
_d14767